000 00784nas a2200277 4500
001 BR9505190
003 BR-BrBNA
005 20231205094211.0
007 ta
008 230509b bl.|||p| |||| 00| 00por d
040 _aBR-BrBNA
_bpor
_cBiblioteca Nacional de Agricultura
041 _a(Pt)
072 _aL52; L01
100 1 _aRodrigues, P.B.
100 1 _aMuniz, J.A.
100 1 _aPereira, F.A.
245 1 _aEstudo comparativo de curvas de crescimento em suinos
650 _aSUÍNO
650 _aCurva de Crescimento
650 _aProducao Animal
650 _aIdade
650 _aPeso
773 0 _tCiencia e Pratica (Brazil)
_xISSN 0100-3267
_g(Jan-Mar 1992), v. 16(1) p. 151-157
_wBR9505190
909 _a202311
_bLúcia
_c55
_dLúcia Elande
942 _2AGRIS
_n0
_cANA
999 _c142725
_d142725